Wood preservation (Record no. 32358)

MARC details
000 -LEADER
fixed length control field 00346nam a2200133Ia 4500
082 ## - DEWEY DECIMAL CLASSIFICATION NUMBER
Classification number 630*81
Item number RIC
100 ## - MAIN ENTRY--AUTHOR NAME
Personal name RICHARDSON, Barry A
245 #0 - TITLE STATEMENT
Title Wood preservation
260 ## - PUBLICATION, DISTRIBUTION, ETC. (IMPRINT)
Place of publication London
Name of publisher Construction
Year of publication 1978
650 ## - SUBJECT ADDED ENTRY--TOPICAL TERM
Topical Term Wood degradation
650 ## - SUBJECT ADDED ENTRY--TOPICAL TERM
Topical Term Wood preservation technology
942 ## - ADDED ENTRY ELEMENTS (KOHA)
Koha item type Books
Holdings
Withdrawn status Lost status Damaged status Not for loan Home library Current library Date acquired Full call number Accession Number Koha item type
        RRII Library RRII Library 16/12/2021 630*81 RIC 12877 Books